The mathematical principles of natural philosophy / (Record no. 11910)

MARC details
000 -LEADER
fixed length control field 01034cam a22002771i 4500
001 - CONTROL NUMBER
control field 9389727
003 - CONTROL NUMBER IDENTIFIER
control field EG-ScBUE
005 - DATE AND TIME OF LATEST TRANSACTION
control field 20250518091248.0
008 - FIXED-LENGTH DATA ELEMENTS--GENERAL INFORMATION
fixed length control field 730115s1964 nyua f 000 0 eng d
035 ## - SYSTEM CONTROL NUMBER
System control number (OCoLC)537107
040 ## - CATALOGING SOURCE
Original cataloging agency EG-ScBUE
Language of cataloging eng
Description conventions rda
Transcribing agency EG-ScBUE
Modifying agency EG-ScBUE
082 04 - DEWEY DECIMAL CLASSIFICATION NUMBER
Classification number 531
Edition number 22
Item number NEW
100 1# - MAIN ENTRY--PERSONAL NAME
Personal name Newton, Isaac,
Titles and other words associated with a name Sir,
Dates associated with a name 1642-1727,
9 (RLIN) 6504
Relator term author.
245 14 - TITLE STATEMENT
Title The mathematical principles of natural philosophy /
Statement of responsibility, etc Isaac Newtown ; introduction by Alfred del Vecchio, professor of mechanical engineering, Manhattan College.
264 #1 - PUBLICATION, DISTRIBUTION, ETC. (IMPRINT)
Place of publication, distribution, etc New York :
Name of publisher, distributor, etc The Citadel Press,
Date of publication, distribution, etc 1964.
300 ## - PHYSICAL DESCRIPTION
Extent 447 pages :
Other physical details illustrations ;
Dimensions 22 cm.
336 ## - CONTENT TYPE
Source rdacontent
Content type term text
Content type code txt
337 ## - MEDIA TYPE
Media type term unmediated
Source rdamedia
Media type code n
338 ## - CARRIER TYPE
Carrier type term volume
Carrier type code nc
Source rdacarrier
490 0# - SERIES STATEMENT
Series statement The science classics library
650 #7 - SUBJECT ADDED ENTRY--TOPICAL TERM
Topical term or geographic name as entry element Mechanics
Form subdivision Early works to 1800.
9 (RLIN) 6506
Source of heading or term BUEsh
650 #7 - SUBJECT ADDED ENTRY--TOPICAL TERM
Topical term or geographic name as entry element Celestial mechanics.
9 (RLIN) 6507
Source of heading or term BUEsh
655 ## - INDEX TERM--GENRE/FORM
Form subdivision Reading book
700 1# - ADDED ENTRY--PERSONAL NAME
Personal name Vecchio, Alfred del,
Relator term author of introduction, etc.
942 ## - ADDED ENTRY ELEMENTS (KOHA)
Source of classification or shelving scheme Dewey Decimal Classification
Koha item type Book - Borrowing
Holdings
Withdrawn status Lost status Source of classification or shelving scheme Damaged status Not for loan Collection code Home library Current library Shelving location Date acquired Source of acquisition Cost, normal purchase price Total Checkouts Full call number Barcode Date last seen Price effective from Koha item type
    Dewey Decimal Classification     Alef-Baa Central Library Central Library First floor 21/06/2009   150.00   531 NEW 000016813 15/07/2025 21/06/2009 Book - Borrowing